U.S. Cities - Statistics

General Stats
  • This quiz has been taken 41 times
  • The average score is 17 of 30
Answer Stats
Picture Hint Answer % Correct
L, A (2 Words) Los Angeles
97%
J (1 Word) Jacksonville
84%
I (1 Word) Indianapolis
81%
S, D (2 Words) San Diego
74%
S, F (2 Words) San Francisco
74%
D (1 Word) Dallas
71%
K, C (2 Words) Kansas City
71%
L, V (2 Words) Las Vegas
71%
C (1 Word) Chicago
68%
N, Y, C (3 Words) New York City
68%
M (1 Word) Miami
65%
P (1 Word) Philadelphia
65%
N, O (2 Words) New Orleans
61%
B (1 Word) Boston
58%
S, L, C (3 Words) Salt Lake City
58%
S (1 Word) Seattle
58%
T (1 Word) Tucson
58%
H (1 Word) Houston
55%
A (1 Word) Albuquerque
52%
A (1 Word) Atlanta
52%
C (1 Word) Cincinnati
52%
D (1 Word) Denver
52%
D (1 Word) Detroit
48%
N (1 Word) Nashville
48%
M (1 Word) Milwaukee
42%
P (1 Word) Portland
39%
M (1 Word) Minneapolis
35%
T (1 Word) Tampa
35%
C (1 Word) Charlotte
32%
P (1 Word) Phoenix
26%
No matching quizzes found
Score Distribution
Percent of People with Each Score
Percentile by Number Answered
Your Score History
You have not taken this quiz